01551cam a22003135a 4500001001400000003000400014005001700018008004100035020001800076040004800094082002300142100002300165245017300188260004300361300003500404490002600439500002400465506006200489590014700551650002600698651001000724653002400734700002400758776025700782797001201039942000801051999001701059952016101076ssj0001561858OSt20161020115542.0150611t2015 njua fr 001 0 eng d a9781118853566 aCaPaEBRbengepncCaPaEBRdWaSeSSdEG-ScBUE04a658.15224222bFRE1 aFreedman, David M.10aEquity crowdfunding for investors :ba guide to risks, returns, regulations, funding portals, due diligence, and deal terms /cDavid M. Freedman and Matthew R. Nutting. aHoboken :bJohn Wiley & Sons,cc.2015. axxix, 273 p. :bill. ;c24 cm.0 aWiley Finance Series. aIndex : p. 261-273. aAvailable on campus and off campus with authorized login. aElectronic reproduction. Palo Alto, Calif. : ebrary, 2015. Available via World Wide Web. Access may be limited to ebrary affiliated libraries. 0aCrowd funding.2BUEsh 2BUEsh bBUSADMcOctober20161 aNutting, Matthew R.08iPrint version:aFreedman, David M.tEquity crowdfunding for investors : a guide to risks, returns, regulations, funding portals, due diligence, and deal terms.dHoboken, New Jersey : Wiley, c2015 hxxix, 273 pages kWiley finance series.z97811188535662 aebrary. 2ddc c22740d22712 00102ddc40708AcademicaMAINbMAINc1STd2016-10-20ePurchaseg546.00h9154l2m13o658.15224 FREp000034347r2025-07-15 00:00:00s2023-02-11v682.00yBB